[Event "U14 Polish Youth Championship"]
[Site "chess24.com"]
[Date "2018.05.03"]
[Round "7"]
[White "Jozefik, Aleksander"]
[Black "Trybus, Daniel"]
[Result "0-1"]
[Board "23"]
[WhiteElo "1266"]
[WhiteCountry "POL"]
[WhiteFideId "21862184"]
[WhiteEloChange "-2"]
[BlackElo "1831"]
[BlackCountry "POL"]
[BlackFideId "21816131"]
[BlackEloChange "2"]

1. e4 {[%clk 1:30:34]} Nf6 {[%clk 1:30:46]} 2. e5 {[%clk 1:30:21]} Nd5 {[%clk
1:31:11]} 3. d4 {[%clk 1:30:13]} d6 {[%clk 1:31:37]} 4. c4 {[%clk 1:29:52]} Nb6
{[%clk 1:32:04]} 5. exd6 {[%clk 1:29:25]} cxd6 {[%clk 1:32:29]} 6. Nc3 {[%clk
1:29:26]} g6 {[%clk 1:32:46]} 7. Nf3 {[%clk 1:26:51]} Bg7 {[%clk 1:32:45]} 8. Be2
{[%clk 1:26:38]} O-O {[%clk 1:32:35]} 9. O-O {[%clk 1:26:18]} Bg4 {[%clk
1:32:27]} 10. h3 {[%clk 1:26:03]} Bxf3 {[%clk 1:29:49]} 11. Bxf3 {[%clk 1:26:09]}
Nc6 {[%clk 1:30:12]} 12. Bxc6 {[%clk 1:25:49]} bxc6 {[%clk 1:30:15]} 13. b3
{[%clk 1:25:30]} d5 {[%clk 1:29:25]} 14. c5 {[%clk 1:25:11]} Nc8 {[%clk 1:29:49]}
15. Bf4 {[%clk 1:23:23]} Re8 {[%clk 1:23:39]} 16. Qd2 {[%clk 1:21:00]} e6 {[%clk
1:23:50]} 17. Ne2 {[%clk 1:21:01]} Ne7 {[%clk 1:23:39]} 18. Ng3 {[%clk 1:20:22]}
Qc8 {[%clk 1:16:19]} 19. Rad1 {[%clk 1:18:07]} Qa6 {[%clk 1:15:17]} 20. Rfe1
{[%clk 1:17:59]} Qb5 {[%clk 1:07:12]} 21. Qe2 {[%clk 1:16:48]} Qb4 {[%clk
1:06:06]} 22. Qd2 {[%clk 1:16:32]} Qa3 {[%clk 1:05:55]} 23. Re2 {[%clk 1:15:39]}
Nc8 {[%clk 1:00:02]} 24. Bh6 {[%clk 1:12:43]} Bh8 {[%clk 1:00:05]} 25. Qf4 {[%clk
1:12:17]} a5 {[%clk 0:58:20]} 26. Nh5 {[%clk 1:11:45]} f5 {[%clk 0:53:23]} 27.
Qg5 {[%clk 1:07:41]} Kf7 {[%clk 0:50:08]} 28. Ng3 {[%clk 1:01:45]} a4 {[%clk
0:48:22]} 29. Rd3 {[%clk 0:53:37]} Ra7 {[%clk 0:40:27]} 30. Qe3 {[%clk 0:52:08]}
Qb4 {[%clk 0:36:50]} 31. Red2 {[%clk 0:46:53]} e5 {[%clk 0:30:20]} 32. Re2 {[%clk
0:35:42]} Rae7 {[%clk 0:28:04]} 33. a3 {[%clk 0:21:06]} Qxa3 {[%clk 0:25:02]} 34.
bxa4 {[%clk 0:21:10]} Qxa4 {[%clk 0:23:54]} 35. dxe5 {[%clk 0:20:09]} Rxe5 {[%clk
0:23:07]} 36. Qd2 {[%clk 0:20:12]} Qc4 {[%clk 0:20:03]} 37. Rxe5 {[%clk 0:19:08]}
Bxe5 {[%clk 0:19:27]} 38. Be3 {[%clk 0:19:23]} Kg8 {[%clk 0:13:54]} 39. Ne2
{[%clk 0:18:37]} Na7 {[%clk 0:13:26]} 40. f3 {[%clk 0:14:14]} Nb5 {[%clk
0:12:52]} 41. Kf2 {[%clk 0:14:05]} Ra8 {[%clk 0:12:18]} 42. Nc1 {[%clk 0:13:17]}
f4 {[%clk 0:12:02]} 43. Bxf4 {[%clk 0:09:57]} Bxf4 {[%clk 0:12:18]} 0-1

[Event "U14 Polish Youth Championship"]
[Site "chess24.com"]
[Date "2018.05.03"]
[Round "7"]
[White "Bukala, Norbert"]
[Black "Luberanski, Jakub"]
[Result "0-1"]
[Board "24"]
[WhiteElo "1453"]
[WhiteCountry "POL"]
[WhiteFideId "21819971"]
[WhiteEloChange "-2"]
[BlackElo "1880"]
[BlackCountry "POL"]
[BlackFideId "21830509"]
[BlackEloChange "2"]

1. e4 {[%clk 1:30:59]} e5 {[%clk 1:30:03]} 2. Nf3 {[%clk 1:31:21]} Nc6 {[%clk
1:30:32]} 3. Bb5 {[%clk 1:31:26]} a6 {[%clk 1:30:58]} 4. Ba4 {[%clk 1:31:50]} Nf6
{[%clk 1:31:25]} 5. d3 {[%clk 1:29:21]} d6 {[%clk 1:31:24]} 6. c3 {[%clk
1:27:27]} g6 {[%clk 1:31:22]} 7. O-O {[%clk 1:24:57]} b5 {[%clk 1:31:04]} 8. Bc2
{[%clk 1:24:55]} Bg7 {[%clk 1:31:24]} 9. Re1 {[%clk 1:22:25]} O-O {[%clk
1:31:46]} 10. Nbd2 {[%clk 1:20:13]} Bb7 {[%clk 1:26:28]} 11. Nf1 {[%clk 1:19:47]}
Re8 {[%clk 1:25:27]} 12. Rb1 {[%clk 1:10:13]} Qd7 {[%clk 1:20:22]} 13. d4 {[%clk
1:04:37]} exd4 {[%clk 1:16:53]} 14. cxd4 {[%clk 1:02:39]} Nb4 {[%clk 1:17:00]}
15. Ng3 {[%clk 1:00:44]} Nxc2 {[%clk 1:10:24]} 16. Qxc2 {[%clk 1:01:08]} Re7
{[%clk 1:04:40]} 17. Bg5 {[%clk 0:49:00]} h6 {[%clk 1:04:31]} 18. Bxf6 {[%clk
0:46:35]} Bxf6 {[%clk 1:04:56]} 19. e5 {[%clk 0:41:04]} Bg7 {[%clk 0:59:22]} 20.
exd6 {[%clk 0:36:02]} Qxd6 {[%clk 0:57:55]} 21. Rxe7 {[%clk 0:34:25]} Qxe7 {[%clk
0:58:24]} 22. Re1 {[%clk 0:33:53]} Qd7 {[%clk 0:52:04]} 23. Ne5 {[%clk 0:13:13]}
Qxd4 {[%clk 0:44:37]} 24. Nxf7 {[%clk 0:05:59]} Qd5 {[%clk 0:44:20]} 25. Nxh6+
{[%clk 0:05:37]} Kh7 {[%clk 0:44:06]} 26. f3 {[%clk 0:01:57]} Kxh6 {[%clk
0:44:20]} 27. Qc1+ {[%clk 0:00:53]} Kh7 {[%clk 0:44:07]} 28. Qxc7 {[%clk
0:00:48]} Qd4+ {[%clk 0:42:41]} 29. Kh1 {[%clk 0:00:36]} Re8 {[%clk 0:42:48]} 30.
Ne4 {[%clk 0:00:50]} Bxe4 {[%clk 0:43:00]} 31. fxe4 {[%clk 0:01:10]} Rxe4 {[%clk
0:43:20]} 32. Qg3 {[%clk 0:00:55]} Rxe1+ {[%clk 0:42:36]} 33. Qxe1 {[%clk
0:01:21]} Be5 {[%clk 0:41:46]} 34. h3 {[%clk 0:00:33]} Qf4 {[%clk 0:42:05]} 35.
g3 {[%clk 0:00:54]} Qxg3 {[%clk 0:42:23]} 36. Qd2 {[%clk 0:00:47]} Qxh3+ {[%clk
0:42:41]} 37. Kg1 {[%clk 0:01:09]} Qg3+ {[%clk 0:43:08]} 38. Kh1 {[%clk 0:01:16]}
Qh4+ {[%clk 0:43:09]} 39. Kg1 {[%clk 0:01:33]} Qd4+ {[%clk 0:43:32]} 40. Qxd4
{[%clk 0:01:51]} Bxd4+ {[%clk 0:44:01]} 41. Kg2 {[%clk 0:02:13]} Bxb2 {[%clk
0:44:27]} 42. Kf3 {[%clk 0:02:37]} g5 {[%clk 0:44:54]} 43. Ke2 {[%clk 0:02:56]}
g4 {[%clk 0:45:21]} 44. Ke3 {[%clk 0:03:17]} Kg6 {[%clk 0:45:47]} 45. Kf2 {[%clk
0:03:35]} Kf5 {[%clk 0:46:15]} 46. Kg3 {[%clk 0:03:58]} Be5+ {[%clk 0:46:42]} 47.
Kg2 {[%clk 0:04:22]} Kf4 {[%clk 0:47:08]} 48. Kf2 {[%clk 0:04:46]} g3+ {[%clk
0:47:34]} 49. Kg2 {[%clk 0:05:12]} Kg4 {[%clk 0:48:00]} 50. a3 {[%clk 0:05:28]}
a5 {[%clk 0:48:26]} 51. a4 {[%clk 0:05:49]} bxa4 {[%clk 0:48:52]} 52. Kg1 {[%clk
0:06:08]} Kf3 {[%clk 0:49:14]} 53. Kf1 {[%clk 0:06:27]} Bc3 {[%clk 0:49:26]} 54.
Kg1 {[%clk 0:06:44]} a3 {[%clk 0:49:53]} 0-1

[Event "U14 Polish Youth Championship"]
[Site "chess24.com"]
[Date "2018.05.03"]
[Round "7"]
[White "Wojtasik, Szymon"]
[Black "Sieczkowski, Adam"]
[Result "1/2-1/2"]
[Board "25"]
[WhiteElo "1329"]
[WhiteCountry "POL"]
[WhiteFideId "21813990"]
[WhiteEloChange "8"]
[BlackElo "1695"]
[BlackCountry "POL"]
[BlackFideId "21835250"]
[BlackEloChange "-8"]

1. e4 {[%clk 1:30:59]} c6 {[%clk 1:30:33]} 2. d4 {[%clk 1:31:12]} d5 {[%clk
1:30:56]} 3. exd5 {[%clk 1:31:38]} cxd5 {[%clk 1:31:23]} 4. Bd3 {[%clk 1:32:00]}
Nf6 {[%clk 1:30:59]} 5. c3 {[%clk 1:31:30]} Bg4 {[%clk 1:31:21]} 6. Ne2 {[%clk
1:31:17]} e6 {[%clk 1:31:20]} 7. O-O {[%clk 1:30:22]} Be7 {[%clk 1:31:04]} 8. Qe1
{[%clk 1:26:47]} Bh5 {[%clk 1:30:15]} 9. f4 {[%clk 1:25:33]} Bg6 {[%clk 1:28:57]}
10. f5 {[%clk 1:17:07]} exf5 {[%clk 1:29:21]} 11. Bxf5 {[%clk 1:17:06]} O-O
{[%clk 1:29:45]} 12. Bxg6 {[%clk 1:13:43]} hxg6 {[%clk 1:29:50]} 13. Bg5 {[%clk
1:06:03]} Nbd7 {[%clk 1:28:20]} 14. Nd2 {[%clk 1:01:33]} Re8 {[%clk 1:25:56]} 15.
Nf4 {[%clk 0:56:04]} Nh5 {[%clk 1:23:31]} 16. Bxe7 {[%clk 0:54:18]} Rxe7 {[%clk
1:23:54]} 17. Qh4 {[%clk 0:51:50]} Nxf4 {[%clk 1:24:12]} 18. Qxf4 {[%clk
0:52:06]} Nf6 {[%clk 1:24:35]} 19. Rfe1 {[%clk 0:49:33]} Qd7 {[%clk 1:19:20]} 20.
Nf3 {[%clk 0:42:08]} Rae8 {[%clk 1:01:50]} 21. Rxe7 {[%clk 0:33:34]} Rxe7 {[%clk
1:02:06]} 22. Qb8+ {[%clk 0:26:39]} Re8 {[%clk 1:02:09]} 23. Qxa7 {[%clk
0:26:08]} Qg4 {[%clk 0:59:51]} 24. Ne5 {[%clk 0:24:54]} Qe2 {[%clk 0:59:17]} 25.
Qxb7 {[%clk 0:23:49]} Rf8 {[%clk 0:57:41]} 26. a4 {[%clk 0:19:17]} Ne4 {[%clk
0:58:03]} 27. h3 {[%clk 0:05:30]} Qe3+ {[%clk 0:57:19]} 28. Kh2 {[%clk 0:01:59]}
Qf4+ {[%clk 0:57:37]} 29. Kg1 {[%clk 0:02:13]} Qe3+ {[%clk 0:58:02]} 30. Kh2
{[%clk 0:01:16]} Qf4+ {[%clk 0:58:23]} 31. Kg1 {[%clk 0:01:39]} Qf2+ {[%clk
0:58:37]} 1/2-1/2

[Event "U14 Polish Youth Championship"]
[Site "chess24.com"]
[Date "2018.05.03"]
[Round "7"]
[White "Michalski, Adrian"]
[Black "Czarnomski, Dominik"]
[Result "0-1"]
[Board "26"]
[WhiteElo "1355"]
[WhiteCountry "POL"]
[WhiteFideId "21836140"]
[WhiteEloChange "-5"]
[BlackElo "1554"]
[BlackCountry "POL"]
[BlackFideId "21836086"]
[BlackEloChange "5"]

1. e4 {[%clk 1:30:47]} g6 {[%clk 1:30:58]} 2. d4 {[%clk 1:30:51]} Bg7 {[%clk
1:31:27]} 3. c3 {[%clk 1:30:34]} d6 {[%clk 1:31:52]} 4. Bc4 {[%clk 1:30:46]} a6
{[%clk 1:31:16]} 5. Be3 {[%clk 1:30:03]} Nd7 {[%clk 1:30:50]} 6. Ne2 {[%clk
1:28:32]} e6 {[%clk 1:30:29]} 7. O-O {[%clk 1:28:41]} b5 {[%clk 1:30:47]} 8. Bb3
{[%clk 1:29:04]} Bb7 {[%clk 1:31:07]} 9. Nd2 {[%clk 1:29:27]} Ngf6 {[%clk
1:30:39]} 10. Ng3 {[%clk 1:28:58]} O-O {[%clk 1:30:43]} 11. f4 {[%clk 1:27:20]}
Re8 {[%clk 1:24:47]} 12. Bc2 {[%clk 1:26:33]} Rc8 {[%clk 1:21:20]} 13. e5 {[%clk
1:17:04]} Nd5 {[%clk 1:20:46]} 14. Re1 {[%clk 1:17:28]} Bh6 {[%clk 1:13:45]} 15.
Qf3 {[%clk 1:14:40]} dxe5 {[%clk 1:04:30]} 16. dxe5 {[%clk 1:12:25]} Nxe5 {[%clk
1:02:44]} 17. fxe5 {[%clk 1:11:59]} Nxe3 {[%clk 1:01:57]} 18. Be4 {[%clk
1:12:22]} Bxe4 {[%clk 0:56:14]} 19. Ndxe4 {[%clk 1:12:33]} Nd5 {[%clk 0:55:01]}
20. Nf6+ {[%clk 1:03:32]} Nxf6 {[%clk 0:55:18]} 21. exf6 {[%clk 1:03:58]} Qd5
{[%clk 0:50:23]} 22. Ne4 {[%clk 1:02:21]} Qf5 {[%clk 0:46:07]} 23. Kf2 {[%clk
0:36:05]} Rcd8 {[%clk 0:34:40]} 24. Rad1 {[%clk 0:17:51]} Bf8 {[%clk 0:27:26]}
25. Ng3 {[%clk 0:04:12]} Qc2+ {[%clk 0:22:41]} 26. Qe2 {[%clk 0:04:38]} Bc5+
{[%clk 0:21:09]} 27. Kf1 {[%clk 0:04:56]} Qxe2+ {[%clk 0:17:19]} 28. Kxe2 {[%clk
0:05:11]} Rd5 {[%clk 0:17:20]} 29. Ne4 {[%clk 0:03:49]} Bb6 {[%clk 0:15:56]} 30.
Rd3 {[%clk 0:02:54]} Rxd3 {[%clk 0:14:26]} 31. Kxd3 {[%clk 0:03:16]} Rd8+ {[%clk
0:14:50]} 32. Ke2 {[%clk 0:03:40]} h6 {[%clk 0:14:32]} 33. Rd1 {[%clk 0:00:57]}
Rxd1 {[%clk 0:14:06]} 34. Kxd1 {[%clk 0:01:19]} g5 {[%clk 0:14:09]} 35. h3 {[%clk
0:00:43]} Kh7 {[%clk 0:14:05]} 36. Ke2 {[%clk 0:00:58]} Kg6 {[%clk 0:14:04]} 37.
g4 {[%clk 0:01:23]} c6 {[%clk 0:12:09]} 38. Kf3 {[%clk 0:01:41]} Bd8 {[%clk
0:11:46]} 39. Nc5 {[%clk 0:02:06]} a5 {[%clk 0:11:38]} 40. Nb7 {[%clk 0:02:17]}
Bc7 {[%clk 0:11:47]} 41. Ke4 {[%clk 0:01:18]} Kxf6 {[%clk 0:11:53]} 42. Nc5
{[%clk 0:01:38]} Kg6 {[%clk 0:11:33]} 43. b3 {[%clk 0:01:25]} f5+ {[%clk
0:10:33]} 44. Kf3 {[%clk 0:01:49]} Kf6 {[%clk 0:09:35]} 45. c4 {[%clk 0:02:04]}
Ke5 {[%clk 0:06:58]} 46. cxb5 {[%clk 0:02:14]} cxb5 {[%clk 0:07:11]} 47. a3
{[%clk 0:02:26]} Kd5 {[%clk 0:06:58]} 48. b4 {[%clk 0:02:38]} axb4 {[%clk
0:06:36]} 49. axb4 {[%clk 0:03:05]} Bd6 {[%clk 0:06:29]} 50. gxf5 {[%clk
0:03:19]} Bxc5 {[%clk 0:05:35]} 51. bxc5 {[%clk 0:03:33]} exf5 {[%clk 0:05:58]}
52. Kg2 {[%clk 0:03:56]} Kxc5 {[%clk 0:06:17]} 53. h4 {[%clk 0:04:22]} b4 {[%clk
0:06:31]} 54. h5 {[%clk 0:04:48]} b3 {[%clk 0:06:55]} 55. Kh1 {[%clk 0:05:14]} b2
{[%clk 0:07:20]} 56. Kh2 {[%clk 0:05:41]} b1Q {[%clk 0:07:39]} 57. Kg3 {[%clk
0:06:04]} Qd3+ {[%clk 0:08:01]} 58. Kh2 {[%clk 0:06:21]} f4 {[%clk 0:08:08]} 59.
Kh1 {[%clk 0:06:42]} Qc2 {[%clk 0:08:33]} 60. Kg1 {[%clk 0:07:05]} f3 {[%clk
0:08:47]} 0-1

[Event "U14 Polish Youth Championship"]
[Site "chess24.com"]
[Date "2018.05.04"]
[Round "8"]
[White "Czopor, Maciej"]
[Black "Wysocki, Mateusz"]
[Result "1-0"]
[Board "1"]
[WhiteElo "2153"]
[WhiteCountry "POL"]
[WhiteFideId "21805431"]
[WhiteEloChange "2"]
[BlackElo "1626"]
[BlackCountry "POL"]
[BlackFideId "21810621"]
[BlackEloChange "-2"]

1. e4 {[%clk 1:30:57]} e5 {[%clk 1:30:55]} 2. Nf3 {[%clk 1:31:16]} Nf6 {[%clk
1:31:19]} 3. Nc3 {[%clk 1:30:30]} Nc6 {[%clk 1:31:41]} 4. Bb5 {[%clk 1:30:07]}
Bc5 {[%clk 1:31:59]} 5. O-O {[%clk 1:29:39]} O-O {[%clk 1:32:22]} 6. d3 {[%clk
1:28:03]} d6 {[%clk 1:32:26]} 7. h3 {[%clk 1:27:35]} h6 {[%clk 1:31:45]} 8. Ne2
{[%clk 1:15:59]} Ne7 {[%clk 1:30:46]} 9. c3 {[%clk 1:14:53]} c6 {[%clk 1:31:36]}
10. Ba4 {[%clk 1:15:13]} Ng6 {[%clk 1:29:49]} 11. d4 {[%clk 1:11:01]} Bb6 {[%clk
1:27:25]} 12. Bc2 {[%clk 1:09:51]} Be6 {[%clk 1:19:54]} 13. Ng3 {[%clk 1:08:20]}
Bc7 {[%clk 1:17:21]} 14. Re1 {[%clk 1:02:36]} Re8 {[%clk 1:15:39]} 15. b3 {[%clk
0:59:30]} Nf4 {[%clk 1:06:35]} 16. c4 {[%clk 0:49:22]} Ba5 {[%clk 0:49:41]} 17.
Rf1 {[%clk 0:38:44]} Bc3 {[%clk 0:47:31]} 18. Rb1 {[%clk 0:38:52]} Ng6 {[%clk
0:46:10]} 19. Qd3 {[%clk 0:34:37]} Ba5 {[%clk 0:44:41]} 20. b4 {[%clk 0:32:11]}
Bc7 {[%clk 0:44:54]} 21. d5 {[%clk 0:31:49]} cxd5 {[%clk 0:42:50]} 22. exd5
{[%clk 0:28:29]} Bd7 {[%clk 0:41:16]} 23. Qb3 {[%clk 0:27:38]} Nf4 {[%clk
0:38:23]} 24. Bxf4 {[%clk 0:20:55]} exf4 {[%clk 0:37:33]} 25. Nf5 {[%clk
0:21:22]} Bxf5 {[%clk 0:35:01]} 26. Bxf5 {[%clk 0:21:51]} g6 {[%clk 0:34:53]} 27.
Bc2 {[%clk 0:21:32]} Nd7 {[%clk 0:34:38]} 28. Rfe1 {[%clk 0:20:29]} Qf6 {[%clk
0:33:39]} 29. Rxe8+ {[%clk 0:19:19]} Rxe8 {[%clk 0:34:01]} 30. Qa4 {[%clk
0:19:44]} Re7 {[%clk 0:33:20]} 31. Qxa7 {[%clk 0:18:52]} Bb6 {[%clk 0:26:34]} 32.
Qxb7 {[%clk 0:17:41]} Qc3 {[%clk 0:23:20]} 33. Ba4 {[%clk 0:16:03]} Qxc4 {[%clk
0:20:21]} 34. Bxd7 {[%clk 0:14:31]} Bxf2+ {[%clk 0:20:07]} 35. Kh1 {[%clk
0:12:49]} Qd3 {[%clk 0:16:52]} 36. Rc1 {[%clk 0:10:31]} Qe3 {[%clk 0:13:22]} 37.
Qc8+ {[%clk 0:09:34]} Kh7 {[%clk 0:13:32]} 38. Bb5 {[%clk 0:09:44]} Qe4 {[%clk
0:09:48]} 39. Bf1 {[%clk 0:07:29]} Kg7 {[%clk 0:09:08]} 40. Qc2 {[%clk 0:07:19]}
1-0

[Event "U14 Polish Youth Championship"]
[Site "chess24.com"]
[Date "2018.05.04"]
[Round "8"]
[White "Gorkiewicz, Mateusz"]
[Black "Oglaza, Oskar"]
[Result "1/2-1/2"]
[Board "2"]
[WhiteElo "1854"]
[WhiteCountry "POL"]
[WhiteFideId "21807299"]
[WhiteEloChange "8"]
[BlackElo "2237"]
[BlackCountry "POL"]
[BlackFideId "1194402"]
[BlackEloChange "-8"]

1. e4 {[%clk 1:30:57]} c5 {[%clk 1:30:57]} 2. Nf3 {[%clk 1:31:21]} d6 {[%clk
1:31:24]} 3. d4 {[%clk 1:31:46]} cxd4 {[%clk 1:31:50]} 4. Nxd4 {[%clk 1:32:11]}
Nf6 {[%clk 1:32:16]} 5. Nc3 {[%clk 1:32:36]} a6 {[%clk 1:32:41]} 6. Nb3 {[%clk
1:32:59]} g6 {[%clk 1:32:21]} 7. Be2 {[%clk 1:32:11]} Bg7 {[%clk 1:31:10]} 8. O-O
{[%clk 1:32:26]} O-O {[%clk 1:30:48]} 9. Bg5 {[%clk 1:32:40]} Nbd7 {[%clk
1:30:31]} 10. Re1 {[%clk 1:31:52]} b5 {[%clk 1:30:00]} 11. Bf1 {[%clk 1:30:58]}
Bb7 {[%clk 1:30:17]} 12. Nd5 {[%clk 1:27:35]} Nxd5 {[%clk 1:21:32]} 13. exd5
{[%clk 1:27:54]} Bxb2 {[%clk 1:18:25]} 14. Bxe7 {[%clk 1:26:19]} Qc7 {[%clk
1:18:53]} 15. Rb1 {[%clk 1:11:45]} Bc3 {[%clk 1:19:17]} 16. Re3 {[%clk 1:10:31]}
Rfc8 {[%clk 1:19:33]} 17. Bd3 {[%clk 0:54:05]} Nb6 {[%clk 1:16:57]} 18. Bg5
{[%clk 0:50:16]} f6 {[%clk 1:14:52]} 19. Bh6 {[%clk 0:49:15]} Nxd5 {[%clk
1:14:55]} 20. Rg3 {[%clk 0:48:52]} Be5 {[%clk 1:10:01]} 21. Rh3 {[%clk 0:45:35]}
Qd7 {[%clk 1:08:08]} 22. Qf1 {[%clk 0:37:42]} Bf4 {[%clk 1:02:51]} 23. Na5 {[%clk
0:32:59]} Bxh6 {[%clk 1:00:42]} 24. Rxh6 {[%clk 0:33:19]} Nf4 {[%clk 0:55:20]}
25. Nxb7 {[%clk 0:32:41]} Qxb7 {[%clk 0:55:41]} 26. Rb4 {[%clk 0:30:33]} Nxd3
{[%clk 0:55:03]} 27. Qxd3 {[%clk 0:30:52]} Re8 {[%clk 0:54:52]} 28. h3 {[%clk
0:29:58]} Rad8 {[%clk 0:50:33]} 29. a4 {[%clk 0:27:59]} d5 {[%clk 0:43:53]} 30.
axb5 {[%clk 0:17:51]} axb5 {[%clk 0:41:24]} 31. Rxb5 {[%clk 0:16:40]} Re1+ {[%clk
0:41:23]} 32. Kh2 {[%clk 0:17:01]} Qc7+ {[%clk 0:41:49]} 33. Qg3 {[%clk 0:08:01]}
Qxg3+ {[%clk 0:40:58]} 34. Kxg3 {[%clk 0:08:26]} Re7 {[%clk 0:41:19]} 35. Rc5
{[%clk 0:08:27]} d4 {[%clk 0:41:36]} 36. Rh4 {[%clk 0:03:06]} g5 {[%clk 0:41:27]}
37. Rh5 {[%clk 0:03:20]} Kg7 {[%clk 0:41:04]} 38. h4 {[%clk 0:02:56]} h6 {[%clk
0:41:18]} 39. hxg5 {[%clk 0:03:21]} hxg5 {[%clk 0:41:13]} 1/2-1/2

[Event "U14 Polish Youth Championship"]
[Site "chess24.com"]
[Date "2018.05.04"]
[Round "8"]
[White "Redzisz, Michal"]
[Black "Luczak, Filip"]
[Result "1/2-1/2"]
[Board "3"]
[WhiteElo "1950"]
[WhiteCountry "POL"]
[WhiteFideId "21816107"]
[WhiteEloChange "5"]
[BlackElo "2126"]
[BlackTitle "CM"]
[BlackCountry "POL"]
[BlackFideId "1193686"]
[BlackEloChange "-5"]

1. e4 {[%clk 1:30:57]} c5 {[%clk 1:30:56]} 2. Nf3 {[%clk 1:31:24]} d6 {[%clk
1:31:23]} 3. Bb5+ {[%clk 1:31:51]} Nd7 {[%clk 1:31:44]} 4. d4 {[%clk 1:32:18]}
cxd4 {[%clk 1:31:48]} 5. Qxd4 {[%clk 1:32:44]} a6 {[%clk 1:32:00]} 6. Bxd7+
{[%clk 1:33:08]} Bxd7 {[%clk 1:32:29]} 7. Nc3 {[%clk 1:33:15]} e5 {[%clk
1:31:37]} 8. Qd3 {[%clk 1:33:31]} h6 {[%clk 1:32:01]} 9. O-O {[%clk 1:33:44]} Nf6
{[%clk 1:30:38]} 10. Nd2 {[%clk 1:33:37]} Rc8 {[%clk 1:15:32]} 11. Nc4 {[%clk
1:33:26]} Be6 {[%clk 1:14:14]} 12. Ne3 {[%clk 1:32:00]} Be7 {[%clk 1:12:22]} 13.
a4 {[%clk 1:31:16]} O-O {[%clk 1:09:50]} 14. Rd1 {[%clk 1:26:55]} Qc7 {[%clk
1:00:26]} 15. g3 {[%clk 1:17:01]} Rfd8 {[%clk 0:54:21]} 16. Bd2 {[%clk 1:08:48]}
Bc4 {[%clk 0:29:59]} 17. Nxc4 {[%clk 0:59:50]} Qxc4 {[%clk 0:30:27]} 18. Be3
{[%clk 0:47:36]} b5 {[%clk 0:27:47]} 19. axb5 {[%clk 0:45:44]} axb5 {[%clk
0:28:01]} 20. Ra7 {[%clk 0:40:42]} Bf8 {[%clk 0:26:21]} 21. Nxb5 {[%clk 0:31:38]}
Qxc2 {[%clk 0:23:04]} 22. Nc3 {[%clk 0:20:40]} Qxb2 {[%clk 0:19:27]} 23. Nd5
{[%clk 0:20:48]} Qc2 {[%clk 0:16:37]} 24. Nxf6+ {[%clk 0:21:08]} gxf6 {[%clk
0:17:06]} 25. Bb6 {[%clk 0:16:57]} Qxd3 {[%clk 0:16:23]} 26. Rxd3 {[%clk
0:16:45]} Rc1+ {[%clk 0:16:32]} 27. Kg2 {[%clk 0:17:13]} Rdc8 {[%clk 0:13:05]}
28. Be3 {[%clk 0:16:15]} R1c7 {[%clk 0:12:33]} 29. Rda3 {[%clk 0:13:11]} Kg7
{[%clk 0:11:51]} 30. Rxc7 {[%clk 0:12:13]} Rxc7 {[%clk 0:12:20]} 31. Ra8 {[%clk
0:12:34]} Be7 {[%clk 0:12:31]} 32. g4 {[%clk 0:12:30]} Rd7 {[%clk 0:11:41]} 33.
Re8 {[%clk 0:12:48]} Bd8 {[%clk 0:10:36]} 34. Kf3 {[%clk 0:12:09]} Bc7 {[%clk
0:08:17]} 35. Rc8 {[%clk 0:11:42]} Bd8 {[%clk 0:08:29]} 1/2-1/2

[Event "U14 Polish Youth Championship"]
[Site "chess24.com"]
[Date "2018.05.04"]
[Round "8"]
[White "Baum, Jonasz"]
[Black "Skurniak, Szymon"]
[Result "1-0"]
[Board "4"]
[WhiteElo "2121"]
[WhiteCountry "POL"]
[WhiteFideId "1195360"]
[WhiteEloChange "3"]
[BlackElo "1821"]
[BlackCountry "POL"]
[BlackFideId "21805571"]
[BlackEloChange "-3"]

1. e4 {[%clk 1:30:58]} c5 {[%clk 1:30:50]} 2. Nf3 {[%clk 1:31:24]} e6 {[%clk
1:31:10]} 3. d4 {[%clk 1:31:48]} cxd4 {[%clk 1:31:36]} 4. Nxd4 {[%clk 1:32:13]}
a6 {[%clk 1:32:01]} 5. Bd3 {[%clk 1:32:26]} Nc6 {[%clk 1:32:26]} 6. Be3 {[%clk
1:29:51]} Nf6 {[%clk 1:32:52]} 7. O-O {[%clk 1:20:42]} d5 {[%clk 1:28:52]} 8.
exd5 {[%clk 1:20:51]} exd5 {[%clk 1:25:14]} 9. Re1 {[%clk 1:15:40]} Be7 {[%clk
1:24:14]} 10. Nd2 {[%clk 1:11:57]} O-O {[%clk 1:22:02]} 11. h3 {[%clk 1:01:16]}
Qc7 {[%clk 1:09:25]} 12. N2f3 {[%clk 0:45:08]} Ne4 {[%clk 1:04:59]} 13. c4 {[%clk
0:41:50]} Bb4 {[%clk 0:57:25]} 14. Re2 {[%clk 0:37:12]} Nf6 {[%clk 0:55:38]} 15.
Rc1 {[%clk 0:33:26]} Bd7 {[%clk 0:50:52]} 16. c5 {[%clk 0:31:38]} Qb8 {[%clk
0:45:43]} 17. Nxc6 {[%clk 0:23:11]} bxc6 {[%clk 0:45:19]} 18. Bd4 {[%clk
0:22:38]} Qd8 {[%clk 0:42:33]} 19. Bxf6 {[%clk 0:15:54]} Qxf6 {[%clk 0:42:44]}
20. Qa4 {[%clk 0:13:47]} Qf4 {[%clk 0:39:55]} 21. Rd1 {[%clk 0:11:48]} Rfe8
{[%clk 0:31:38]} 22. Rxe8+ {[%clk 0:10:37]} Rxe8 {[%clk 0:31:41]} 23. a3 {[%clk
0:09:11]} Bd2 {[%clk 0:31:44]} 24. Bxh7+ {[%clk 0:06:09]} Kh8 {[%clk 0:24:48]}
25. Bc2 {[%clk 0:04:09]} Bc1 {[%clk 0:21:37]} 26. Qxf4 {[%clk 0:03:02]} Bxf4
{[%clk 0:22:05]} 27. b4 {[%clk 0:02:29]} a5 {[%clk 0:18:44]} 28. Nd4 {[%clk
0:01:32]} axb4 {[%clk 0:18:23]} 29. axb4 {[%clk 0:02:02]} Be5 {[%clk 0:16:42]}
30. Ba4 {[%clk 0:01:09]} Bxd4 {[%clk 0:15:10]} 31. Rxd4 {[%clk 0:01:38]} g5
{[%clk 0:15:21]} 32. Bd1 {[%clk 0:01:11]} Kg7 {[%clk 0:14:52]} 33. b5 {[%clk
0:00:57]} cxb5 {[%clk 0:14:19]} 34. Rxd5 {[%clk 0:01:13]} Bc6 {[%clk 0:14:10]}
35. Rxg5+ {[%clk 0:00:36]} Kf6 {[%clk 0:13:37]} 36. Rh5 {[%clk 0:00:59]} Re1+
{[%clk 0:13:55]} 37. Kh2 {[%clk 0:01:25]} Bxg2 {[%clk 0:14:15]} 38. Kxg2 {[%clk
0:01:09]} Rxd1 {[%clk 0:14:41]} 39. Rh6+ {[%clk 0:01:04]} Kg5 {[%clk 0:13:11]}
40. Rb6 {[%clk 0:01:14]} Rb1 {[%clk 0:13:21]} 41. c6 {[%clk 0:00:48]} b4 {[%clk
0:13:42]} 42. Rb5+ {[%clk 0:01:08]} Kf4 {[%clk 0:13:38]} 43. c7 {[%clk 0:00:52]}
Rc1 {[%clk 0:13:51]} 44. Rxb4+ {[%clk 0:01:18]} Kg5 {[%clk 0:14:14]} 45. Rb7
{[%clk 0:01:38]} Kh4 {[%clk 0:13:15]} 46. Rb4+ {[%clk 0:01:05]} Kh5 {[%clk
0:13:37]} 47. Rb7 {[%clk 0:01:26]} f6 {[%clk 0:13:35]} 48. Kg3 {[%clk 0:01:22]}
Kg5 {[%clk 0:13:25]} 49. h4+ {[%clk 0:01:13]} Kh5 {[%clk 0:13:46]} 50. Kf4 {[%clk
0:00:56]} Kxh4 {[%clk 0:13:58]} 51. c8Q {[%clk 0:01:09]} 1-0